| 000 | 00997nas a2200301 4500 | ||
|---|---|---|---|
| 001 | BR2011006946 | ||
| 003 | BR-BrBNA | ||
| 005 | 20231205120152.0 | ||
| 007 | ta | ||
| 008 | 230509b bl.|||p| |||| 00| 00por d | ||
| 040 |
_aBR-BrBNA _bpor _cBiblioteca Nacional de Agricultura |
||
| 041 | _a(Pt) | ||
| 072 | _aH01; F01 | ||
| 100 | 1 | _aSantos, T. da S. | |
| 100 | 1 | _aAlmeida, F. de A.C. | |
| 100 | 1 | _aSuassuna, T. de M.F. | |
| 100 | 1 | _aCoutinho, W.M. | |
| 100 | 1 | _aAlmeida, P.B.A. | |
| 245 | 1 | _aResposta de sementes de amendoim a diferentes doses de radiação gama (60Co) | |
| 650 | _aGERMINAÇÃO | ||
| 650 | _aPODER GERMINATIVO | ||
| 650 | _aANÁLISE MICROBIOLÓGICA | ||
| 650 | _aESTERILIZAÇÃO | ||
| 773 | 0 |
_tRevista Brasileira de Engenharia Agrícola e Ambiental (Brazil) _xISSN 1807-1929 _g(Oct 2010), v.14(10) p. 1074-1078 _wBR2011006946 |
|
| 856 | 4 | 0 | _uhttp://www.scielo.br/pdf/rbeaa/v14n10/v14n10a08.pdf |
| 909 |
_a202311 _bLúcia _c55 _dLúcia Elande |
||
| 942 |
_2AGRIS _n0 _cANA |
||
| 999 |
_c217295 _d217295 |
||